brawl stars quiz - Statistiques

Statistiques générales
  • Ce quiz a été pris 270 fois
  • Le résultat moyen est 9 sur 15
Statistiques - réponses
Hint Réponse % Correct
the cactus spike
95%
nerf poco poco
90%
sweaty dyna jump dynamike
86%
the monkey mico
86%
The gay brawler edgar
85%
the train chuck
79%
flower power rosa
67%
the snowcone lou
64%
sneaky time leon
62%
!@k?/ jacky
56%
the miner carl
48%
the bird crow
47%
bruce nita
46%
scrapy jessie
15%
shot that split gene
4%
Aucun quiz correspondant
Distribution des résultats
% des personnes avec chaque résultat
Percentile par nombre de réponses
Votre historique - résultats
Vous n’avez pas pris ce quiz